| 000 | 00721nam a2200217Ia 4500 | ||
|---|---|---|---|
| 003 | OSt | ||
| 005 | 20221207141536.0 | ||
| 008 | 210310s1944 mx fr 000 0 spa d | ||
| 040 |
_aCO-JMCR _cCO-JMCR |
||
| 041 | 1 |
_aspa _hita |
|
| 082 | 0 | 4 |
_223 _a332.7 / _bM585c |
| 100 | 1 |
_aMessineo, Francesco, _916268 _eautor |
|
| 245 | 1 | 0 |
_aContenido y caracteres jurídicos de la apertura de crédito / _cFrancesco Messineo ; traducción de Ezio Cusi M. |
| 260 |
_aMéxico : _bEditorial Jus, _c1944 |
||
| 300 |
_a173 páginas ; _c17 cm |
||
| 490 | 0 | _aColección de estudios jurídicos | |
| 546 | _aTraducido del italiano | ||
| 650 | 1 | 4 |
_aCrédito _922312 _zMéxico |
| 700 | 1 |
_aCusi M., Ezio, _etraductor _942483 |
|
| 942 |
_2ddc _cBK |
||
| 999 |
_c10246 _d10246 |
||